• 首页
  • 本馆介绍
  • 公告通知
  • 最新文献
  • 馆藏检索
  • 电子资源
  • 读者导购
  • 参考咨询
  • 我的图书馆
  • 登录
  • 详细信息显示
  • 放入我的书架
  • 预约/预借图书
  • 作者相关作品
  • 分类相关作品
  • 丛书相关作品
  • 出版社相关作品

书目信息

  • 表格格式
  • 工作单格式
  • 卡片格式
书名: National electrical code 1984
作者: Addressee.
分册号:
分册名:
出版地: Alsip, Ill. :
 
出版社: NATIONAL FIRE PROTCTION ASSOCIATION
出版时间: 1983.
页数: 1v :
开本: 20 cm.
丛书名:
中图分类号:
科图分类号:
其他分类号: T-651
主题词:
电子资源:
000 00938cam a2200265 a 450
001 E0760020984
005 20070506164746.73
008 840321s1983 a 000 0 eng
010    @a83072293
020    @a0826915256 (pbk.).
035    @A(DLC) 83072293
040    @aDLC@cDLC@dDLC
043    @an-us---
050 00 @aTK260@b.S73 1983
082 00 @a621.31/924/0218@2 19
090    @aT-651
099    @dT-651@ex2
245 10 @aNational electrical code 1984 :@bfirst class mail permit no.5347 quincy,ma / @cAddressee.
260    @aAlsip, Ill. :@bNATIONAL FIRE PROTCTION ASSOCIATION,@c1983.
300    @a1v :@bill. ;@c20 cm.
650  0 @aElectric engineering@xInsurance requirements@zUnited States.
710 2  @aNational Fire Association.@tNational electrical code, 1984.
740 0  @aNational electrical code.
906    @a7@bcbc@corignew@d3@eopcn@f19@gy-gencatlg
991    @bc-GenColl@hTK260@i.S73 1983@p00050063331@tCopy 1@wBOOKS
    
    National electrical code 1984 : : first class mail permit no.5347 quincy,ma / / Addressee.-Alsip, Ill. : : NATIONAL FIRE PROTCTION ASSOCIATION, , 1983.
    1v : : ill. ; ; 20 cm.
    
    
    ISBN 0826915256 (pbk.).
    
●
相关链接 在E读中查询图书 在五车中查询图书 在当当中查询图书 在豆瓣中查询图书


正题名:National electrical code 1984     索取号:T-651/x2         预约/预借

序号 登录号 条形码 馆藏地/架位号 状态 备注
1 7520   300075200   第二样本阅览室/ [索取号:T-651/x2] 在馆    
2 7521   300075219   第四借阅区/ [索取号:T-651/x2] 在馆    
唐山师范学院图书馆 欢迎您!
大连网信软件有限公司© 版权所有